Bayesian reasoning and machine learning
Saved in:
| Hovedforfatter: | |
|---|---|
| Format: | Bog |
| Udgivet: |
CUP
|
| Tags: |
Ingen Tags, Vær først til at tagge denne postø!
|
MARC
| LEADER | 00000nam a2200000Ia 4500 | ||
|---|---|---|---|
| 005 | 20260515061614.0 | ||
| 100 | |a Barber, David, | ||
| 020 | |a 9781107439955 | ||
| 942 | |c BK | ||
| 245 | |a Bayesian reasoning and machine learning | ||
| 260 | |b CUP | ||
| 999 | |c 8 |d 8 | ||
| 952 | |0 0 |1 0 |4 0 |7 0 |a ABDN |b ABDN |d 2026-05-15 |l 0 |p 000050 |r 2026-05-15 06:16:14 |w 2026-05-15 |y BK | ||